Logo BPK

Biblioteka

Politechniki Koszalińskiej

The new Cambridge English course : (Rekord nr 35294)

Szczegóły MARC
000 -ETYKIETA REKORDU
podpole kontrolne o stałej długości 00554nim a2200205 i 4500
001 - NUMER KONTROLNY REKORDU
pole kontrolne bg
040 ## - ŹRÓDŁO KATALOGOWANIA
Instytucja, która utworzyła rekord BPK
041 ## - KOD JĘZYKA
Kod języka tekstu pol
080 ## - UNIWERSALNA KLASYFIKACJA DZIESIĘTNA - UKD
UKD 802.0
008 - POLE O STAŁEJ DŁUGOŚCI - DANE KONTROLNE
podpole kontrolne o stałej długości s pl f |000 0 pol
100 1# - NAZWA OSOBOWA
Nazwa osobowa O'SULLIVAN, David
245 #4 - TYTUŁ/ODPOWIEDZIALNOŚĆ
Tytuł The new Cambridge English course :
Pozostałe elementy strefy tytułu i oznaczenia odpowiedzialności David O'Sullivan, Michael Svan, Catherine Walter.
260 ## - STREFA ADRESU WYDAWNICZEGO
Miejsce wydania Cambridge :
Nazwa wydawcy/dystrybutora Cambridge Univ. Press,
Data publikacji, dystrybucji/powstania dokumentu 1990.
300 ## - STREFA OPISU FIZYCZNEGO
Objętość 4 kas. dźw.
650 #9 - HASŁO PRZEDMIOTOWE W FORMIE NAZWY OGÓLNEJ LUB JEDNOSTKOWEJ
Nazwa ogólna lub geograficzna Język angielski
655 ## - TERMIN INDEKSOWY - OKREŚLENIE RODZAJU/FORMY DOKUMENTU
Określenie rodzaju/formy dokumentu Podręczniki
700 1# - HASŁO DODATKOWE - NAZWA OSOBOWA
Nazwa osobowa SVAN, Michael
700 1# - HASŁO DODATKOWE - NAZWA OSOBOWA
Nazwa osobowa WALTER, Catherine
942 ## - DODATKOWE ELEMENTY (KOHA)
Typ dokumentu Kaseta magnetofonowa
Egzemplarze
Wycofany Status egzemplarza Uszkodzony Dostępność Lokalizacja stała Lokalizacja bieżąca Miejsce przechowywania Sygnatura Kod kreskowy Typ dokumentu Numer ubytku
      Dostępny Biblioteka Politechniki Koszalińskiej Biblioteka Politechniki Koszalińskiej Wypożyczalnia Językowa TM 880 02260440 Kaseta magnetofonowa  
  Egz. niedostępny   Niedostępny Biblioteka Politechniki Koszalińskiej Biblioteka Politechniki Koszalińskiej Wypożyczalnia Językowa TM 881 02260433 Kaseta magnetofonowa  
  Egz. niedostępny   Niedostępny Biblioteka Politechniki Koszalińskiej Biblioteka Politechniki Koszalińskiej   TM 882 TM 882 Kaseta magnetofonowa 800
      Dostępny Biblioteka Politechniki Koszalińskiej Biblioteka Politechniki Koszalińskiej Wypożyczalnia Językowa TM 883 02124612 Kaseta magnetofonowa  
© 2023 Biblioteka Politechniki Koszalińskiej :: KOHA